| 000 | 00767nam a2200265 a 4500 | ||
|---|---|---|---|
| 001 | 10857 | ||
| 003 | BD RJUL | ||
| 005 | 20211208235029.0 | ||
| 008 | 140125 s1968 njua b 000 0 eng | ||
| 035 | _aBD RJUL | ||
| 040 |
_aDLC _cDLC _dBD RJUL _beng |
||
| 041 | _aeng | ||
| 082 |
_a551.701 _bEIG 1968 |
||
| 100 | 1 |
_aEicher, Don L. _q(Don Lauren), _d1930- _933571 |
|
| 245 | 1 | 0 |
_aGeologic time / _c[by] Don L. Eicher |
| 260 |
_aEnglewood Cliffs : _bPrentice-Hall, _c1968. |
||
| 300 |
_aviii, 149 p. : _billus ; _c22 cm |
||
| 490 | 0 | _aFoundations of earth science series | |
| 504 | _aBibliography: p. 143-145 | ||
| 650 | 0 |
_aGeological time. _933572 |
|
| 650 | 0 |
_aGeology, Stratigraphic. _933573 |
|
| 942 |
_2ddc _cBK |
||
| 999 |
_c10857 _d10857 |
||